[Event "Mitropa Cup Women 2019"]
[Site "Radenci"]
[Date "2019.06.04"]
[Round "9.2"]
[White "Cvitan, Ena"]
[Black "Janzelj, Lara"]
[Result "1-0"]
[WhiteElo "2132"]
[BlackElo "2203"]
[Annotator "TA"]
[PlyCount "97"]
[EventDate "2019.05.27"]
[EventType "team-tourn"]
[EventCountry "SLO"]
[SourceTitle "playchess.com"]
[Source "ChessBase"]
[SourceQuality "1"]
[WhiteTeam "Croatia"]
[BlackTeam "Slovenia"]
[WhiteTeamCountry "CRO"]
[BlackTeamCountry "SLO"]

{[%evp 15,97,9,15,9,13,8,22,0,9,7,0,-4,-3,-65,-74,-86,-28,-29,61,19,18,9,21,13,22,8,12,12,20,-25,-18,-28,408,402,400,412,411,404,425,419,408,340,395,330,404,404,398,393,354,374,387,376,381,378,387,377,356,325,342,331,637,626,642,642,639,634,632,617,687,666,1081,1043,812,805,1136,1122,1307,1300,1257,1251,1186,1182,1415,1408]} 1. d4 d5 2. c4 c6 3. cxd5 cxd5 4. Nf3 Nf6 5. Nc3 Nc6 6. Bf4 a6 7. Rc1 Bf5 8. e3 Rc8 9. Be2 {D13: Slav Defence: Exchange variation without ...Bf5} e6 10. O-O Nd7 11. Qb3 {The position is equal.} (11. Na4 Be7 12. h3 O-O 13. a3 Na5 14. Nc5 Nc4 15. b4 Nxc5 16. dxc5 Nxa3 {1-0 (44) So,W (2778)-Carlsen,M (2843) Stavanger 2018}) 11... Qb6 12. Nd2 Be7 13. Na4 $146 ({Predecessor:} 13. a3 O-O 14. Qa2 Qd8 15. b4 b5 16. Nb3 Nb6 {½-½ (38) To,N (2367)-Nguyen,H (2484) Budapest 2009}) 13... Qa7 14. Rc3 (14. Bd3 $11) 14... O-O $15 15. Rfc1 {[#]} g5 ({Better is} 15... Qa8 $1 $17) 16. Bg3 $11 Kh8 ({Black should try} 16... Qa8 $11) 17. Qd1 Bb4 18. Rb3 {Rxc6! is the strong threat.} b5 19. Nc5 Nxc5 20. dxc5 Bxc5 21. Rbc3 $36 {[%mdl 2048] White has good play.} Ne7 22. Nf3 {And now Rxc5! would win.} f6 {Threatens to win with ...b4.} 23. a3 Qd7 $2 {[%mdl 8192]} (23... e5 $11 {and Black stays safe.}) 24. Rxc5 $18 e5 25. Rxc8 Rxc8 26. Rxc8+ Qxc8 {[#]} 27. Nxe5 $1 fxe5 28. Bxe5+ Kg8 29. Bf6 Ng6 30. Qxd5+ Be6 31. Qd8+ Qxd8 32. Bxd8 {[%mdl 4096] Endgame KBB-KBN} h6 33. Bf6 Kf7 34. Bc3 Ne7 35. Bh5+ Kg8 36. Bf3 Bc8 37. Bf6 Kf7 $2 (37... Nf5 38. Bd5+ Kh7) 38. Bxe7 {White is clearly winning.} Kxe7 {KB-KB} 39. b4 Kd6 40. Kf1 Ke5 41. Ke2 g4 42. Ba8 h5 43. g3 Be6 44. Bb7 Kd6 45. Kd3 Kc7 46. Be4 Kd6 47. Kd4 Bf7 48. Bf5 Be8 49. h3 {Accuracy: White = 69%, Black = 36%.} 1-0

[Event "Mitropa Cup Women 2019"]
[Site "Radenci"]
[Date "2019.06.04"]
[Round "9.3"]
[White "Urh, Zala"]
[Black "Blazeka, Mihaela"]
[Result "1/2-1/2"]
[WhiteElo "2099"]
[BlackElo "2118"]
[Annotator "TA"]
[PlyCount "64"]
[EventDate "2019.05.27"]
[EventType "team-tourn"]
[EventCountry "SLO"]
[SourceTitle "playchess.com"]
[Source "ChessBase"]
[SourceQuality "1"]
[WhiteTeam "Slovenia"]
[BlackTeam "Croatia"]
[WhiteTeamCountry "SLO"]
[BlackTeamCountry "CRO"]

{[%evp 9,64,14,27,11,18,14,19,16,29,15,35,13,31,30,39,29,39,8,16,-5,39,34,26,29,53,29,50,35,33,-20,-20,-20,-21,-24,-23,-18,-12,-13,-2,-15,-16,-19,-14,-14,-14,-16,-16,-16,-14,-31,-30,-31,-39,-39,-38,-29,-5]} 1. e4 e5 2. Nf3 Nc6 3. Bb5 a6 4. Ba4 Nf6 5. d3 d6 6. a3 {C77: Ruy Lopez: 3...a6 4 Ba4 Nf6, unusual lines} (6. c3 g6 7. O-O Bg7 8. h3 O-O 9. Be3 b5 10. Bc2 d5 11. Nbd2 Re8 12. a4 Rb8 13. Re1 b4 14. a5 bxc3 15. bxc3 h6 {½-½ (62) Caruana,F (2828)-Postny,E (2623) chess.com INT 2019}) 6... g6 7. O-O Bg7 8. c3 {The position is equal.} O-O 9. Re1 Nh5 10. Nbd2 h6 $146 ({Predecessor:} 10... Nf4 11. Nf1 f5 12. Ne3 fxe4 13. dxe4 Kh8 14. Nd5 g5 15. Bxf4 exf4 {½-½ (47) Chiu,H (2052)-Prosviriakov,V (2271) London 2014}) 11. Nf1 Ne7 12. d4 Bg4 13. dxe5 dxe5 14. Qe2 Nf4 15. Bxf4 $1 exf4 16. Rad1 Qc8 17. h3 Be6 18. Nd4 (18. e5 {feels hotter.} c5 19. Qe4 b5 20. Bc2 Bf5 21. Qe2) 18... b5 19. Nxe6 (19. Bb3 $14) 19... Qxe6 $11 20. Bc2 Nc6 21. Nd2 Ne5 22. Bb3 Qb6 23. Nf3 Rad8 24. Nxe5 Bxe5 25. Rd5 Rxd5 26. exd5 Re8 27. Qd2 Re7 28. a4 Qf6 29. axb5 axb5 30. Bd1 Bd6 31. Rxe7 Qxe7 32. Qe2 Qxe2 {Accuracy: White = 47%, Black = 53%.} 1/2-1/2

[Event "Mitropa Cup Women 2019"]
[Site "Radenci"]
[Date "2019.06.04"]
[Round "9.4"]
[White "Spiranec, Noemi"]
[Black "Hercog, Nusa"]
[Result "1-0"]
[WhiteElo "2009"]
[BlackElo "2062"]
[Annotator "NA RC"]
[PlyCount "99"]
[EventDate "2019.05.27"]
[EventType "team-tourn"]
[EventCountry "SLO"]
[SourceTitle "playchess.com"]
[Source "ChessBase"]
[SourceQuality "1"]
[WhiteTeam "Croatia"]
[BlackTeam "Slovenia"]
[WhiteTeamCountry "CRO"]
[BlackTeamCountry "SLO"]
[TimeControl "40/5400+30:1800+30"]

1. d4 {[%emt 0:00:00]} d5 {[%emt 0:00:00]} 2. c4 {[%emt 0:00:00]} c6 {[%emt 0:00:00]} 3. Nf3 {[%emt 0:00:00]} Nf6 {[%emt 0:00:00]} 4. Qc2 {[%emt 0:00:00]} dxc4 {[%emt 0:00:01]} 5. Qxc4 {[%emt 0:00:00]} Bf5 {[%emt 0:00:12]} 6. g3 {[%emt 0:00:14]} e6 {[%emt 0:00:14]} 7. Bg2 {[%emt 0:00:05]} Nbd7 {[%emt 0:00:31]} 8. O-O {[%emt 0:00:30]} Be7 {[%emt 0:00:30]} 9. e3 {[%emt 0:00:09]} O-O {[%emt 0:00:40] D23: Queen's Gambit Accepted: 3 Nf3 Nf6 sidelines} 10. Qe2 {[%emt 0:00:42]} h6 {[%emt 0:06:41]} (10... Qa5 11. Nc3 Ne4 12. Bd2 Nxd2 13. Nxd2 Rfd8 14. Rfd1 Rac8 15. e4 Bg6 {½-½ (25) Bu,X (2725)-Shankland,S (2671) Liaocheng 2018}) 11. Nc3 {[%emt 0:04:23]} Ne4 {[%emt 0:09:12]} 12. Rd1 {[%emt 0:00:09]} Qc7 {[%emt 0:06:06]} 13. Ne1 {[%emt 0:12:23]} Ndf6 {[%emt 0:10:17]} 14. f3 {[%emt 0:02:47]} Nxc3 {[%emt 0:00:22]} 15. bxc3 {[%emt 0:00:01]} e5 {[%emt 0:07:23]} 16. e4 {[%emt 0:02:00] [#]} Bg6 $146 {[%emt 0:02:46]} ({Predecessor:} 16... Be6 17. Be3 {½-½ (63) Quinn,M (2346)-Cifuentes Parada,R (2557) Benasque 1999}) 17. Be3 {[%emt 0:05:05]} Rfd8 {[%emt 0:04:40]} 18. Nd3 {[%emt 0:06:19]} Nd7 {[%emt 0:07:12]} 19. f4 {[%emt 0:03:41]} exd4 {[%emt 0:04:00]} 20. cxd4 {[%emt 0:00:52]} f5 {[%emt 0:03:23]} 21. Bf2 {[%emt 0:12:03]} Nf6 {[%emt 0:07:11]} 22. Ne5 {[%emt 0:01:58]} Bh5 {[%emt 0:01:09]} 23. Qc4+ {[%emt 0:00:06]} Kh7 {[%emt 0:00:37]} 24. Bh3 {[%emt 0:05:30]} Bg4 {[%emt 0:02:08]} 25. Bxg4 $16 {[%emt 0:00:32]} ({Better is} 25. Nxg4 $18 Nxg4 26. Rab1 (26. exf5 Nxf2 27. Kxf2 Bf6 $11)) 25... Nxg4 {[%emt 0:01:50]} 26. Nxg4 {[%emt 0:02:15]} fxg4 {[%emt 0:00:04]} 27. d5 {[%emt 0:03:20]} (27. Rab1 $18 {and White stays clearly on top.}) 27... Rac8 {[%emt 0:06:32]} 28. Rac1 {[%emt 0:00:22]} Qa5 {[%emt 0:02:30]} 29. Qe2 {[%emt 0:01:03]} cxd5 {[%emt 0:05:16]} 30. Rxc8 {[%emt 0:10:03]} Rxc8 {[%emt 0:00:07]} 31. exd5 {[%emt 0:00:03]} Bc5 {[%emt 0:04:49]} 32. Kg2 {[%emt 0:13:36]} Bxf2 {[%emt 0:00:50]} 33. Kxf2 {[%emt 0:00:02]} Qb6+ {[%emt 0:03:31]} 34. Kg2 {[%emt 0:00:40]} Qg6 {[%emt 0:00:43]} 35. Qd3 {[%emt 0:01:44]} Qxd3 {[%emt 0:01:23]} 36. Rxd3 {[%emt 0:00:01]} Kg6 {[%emt 0:02:14]} 37. Kf2 {[%emt 0:02:01]} Kf5 {[%emt 0:01:23]} 38. Ke3 {[%emt 0:01:20]} Rc7 {[%emt 0:01:22]} 39. Rd2 {[%emt 0:01:10]} Re7+ {[%emt 0:00:57]} 40. Kd4 {[%emt 0:00:00]} Rd7 {[%emt 0:00:00]} (40... Kf6 {was worth a try.} 41. d6 Re1) 41. Re2 {[%emt 0:03:58]} Kf6 {[%emt 0:04:38]} 42. Kc5 {[%emt 0:03:11]} Kf7 {[%emt 0:03:43]} 43. d6 {[%emt 0:00:54]} Kf8 {[%emt 0:08:57]} 44. Kd5 {[%emt 0:00:16]} Kf7 {[%emt 0:00:30]} 45. Rc2 {[%emt 0:00:09]} Ke8 {[%emt 0:00:47]} 46. Rc8+ {[%emt 0:00:27]} Kf7 {[%emt 0:01:24]} 47. Rc7 {[%emt 0:00:06]} Ke8 {[%emt 0:00:07]} 48. Ke6 {[%emt 0:00:05]} Rd8 {[%emt 0:01:51]} 49. d7+ {[%emt 0:00:18]} Kf8 {[%emt 0:00:05]} 50. Rc8 {[%emt 0:00:04]} 1-0

[Event "Mitropa Cup Women 2019"]
[Site "Radenci"]
[Date "2019.06.04"]
[Round "9.5"]
[White "Ragger, Anna-Christina"]
[Black "Pychova, Nela"]
[Result "0-1"]
[WhiteElo "2272"]
[BlackElo "2174"]
[Annotator "TA"]
[PlyCount "164"]
[EventDate "2019.05.27"]
[EventType "team-tourn"]
[EventCountry "SLO"]
[SourceTitle "playchess.com"]
[Source "ChessBase"]
[SourceQuality "1"]
[WhiteTeam "Austria"]
[BlackTeam "Czech Republic"]
[WhiteTeamCountry "AUT"]
[BlackTeamCountry "CZE"]

{[%evp 9,164,-1,24,23,20,10,9,11,20,15,42,39,35,35,43,40,53,52,54,61,72,31,57,47,57,15,52,59,64,58,64,27,32,15,46,14,116,119,127,27,16,50,45,0,42,29,64,65,50,62,145,0,0,0,0,0,160,0,0,-213,-222,-213,-209,-369,-344,-383,-74,-79,-72,-72,-29,-71,-30,-71,-47,-80,0,0,0,0,0,-41,0,0,8,0,0,0,0,0,0,0,0,0,0,0,0,0,0,-75,0,0,0,0,0,0,0,0,0,-75,-75,-75,-75,-75,-75,-1085,-75,-75,-75,-75,-75,-75,-76,-76,-16,-938,-947,-1106,-1106,-1106,-1061,-1043,-1031,-806,-547,-500,-373,-270,-269,-5102,-1435,-1342,-1271,-1423,-1311,-1345,-731,-551,-424,-7533,-9673,-6545,-6218,-5165,-2626,-5114,-2800]} 1. d4 Nf6 2. Bf4 d5 3. e3 c5 4. c3 Nc6 5. Nd2 cxd4 (5... Qb6 6. Qb3 Nh5 7. Qxb6 axb6 8. Bc7 cxd4 9. exd4 e5 10. Bxe5 Nxe5 11. dxe5 Bc5 12. g3 O-O {1-0 (76) Aronian,L (2765)-Caruana,F (2832) London 2018}) 6. exd4 {D00: 1 d4 d5: Unusual lines} Bf5 7. Qb3 Qc8 8. Ngf3 {The position is equal.} e6 9. Nh4 Bg6 10. Nxg6 hxg6 11. Bd3 $146 ({Predecessor:} 11. Nf3 a6 12. Bd3 Be7 13. O-O {½-½ (67) Mulleady,P (1949)-Johannsson,B (1567) Reykjavik 2017}) 11... Be7 12. O-O O-O 13. Nf3 a6 14. Rae1 b5 15. Ne5 Na5 16. Qd1 Nc4 17. Bc1 Ra7 18. h4 b4 19. b3 Nd6 20. c4 dxc4 21. bxc4 Nf5 22. Bb2 {Black should prevent h5!} Rd8 (22... Nxh4 $11 {remains equal.} 23. g3 Nf5) 23. h5 $16 gxh5 {[#]} 24. Bxf5 (24. d5 $1 $16 {[%mdl 512]}) 24... exf5 $11 25. d5 Rc7 26. Qf3 Bf8 27. Nc6 $36 {[%mdl 2048] aiming for Bxf6. White is pushing.} Rxc6 28. dxc6 Ne4 29. Rd1 Nd2 (29... Re8 $1 $14) 30. Qe2 (30. Rxd2 $1 $16 Rxd2 31. Be5) 30... Nxf1 31. Rxd8 Qxd8 32. Kxf1 Qh4 $2 ({Black should play} 32... Qc8 $11) 33. Ke1 $2 ({White has to play} 33. Kg1 $16 Bd6 34. Qe8+ Kh7 35. Qxf7 {[%mdl 64] Double Attack} Bh2+ 36. Kf1) 33... Qh1+ 34. Qf1 $2 (34. Kd2 $1 $11 {and White has nothing to worry.} Qb1 35. Qe5 Qxa2 36. c5) 34... Qxf1+ $19 35. Kxf1 {[%mdl 4096] Endgame KB-KB} Bd6 36. Bd4 $2 (36. a3 b3 37. Ke2) 36... Bc7 $1 37. Bc5 f6 $2 (37... a5 $19 38. f4 f6) 38. Bxb4 $17 Kf7 39. Ke2 Ke6 40. Bc5 g5 41. f3 h4 42. Kf2 g4 (42... Bd6 $17 43. Bd4 Bg3+ 44. Ke2 Kd6) 43. Kg1 Bg3 44. Kf1 ({Don't play} 44. Bb6 Kd6 $17) 44... Bf4 45. Kf2 g3+ 46. Kf1 Bc1 47. Bf8 Bf4 48. Bc5 Be5 49. Bb4 Bd6 50. Bc3 Bc7 51. Bb4 a5 52. Bc5 a4 53. Bb4 f4 54. Ba3 (54. Bc5 $11) 54... Ba5 (54... Bd6 $17 55. Bb2 Be5) 55. Ke2 Bb6 {...h3! is the strong threat.} 56. Kf1 $1 Bd4 57. Bb4 Be5 58. Ba3 ({Much worse is} 58. Ba5 Kd6 $17) 58... Kf7 59. Bc5 (59. Bb4 $1 $11) 59... Ke8 $1 60. Bb4 Kd8 61. Ba5+ Kc8 $1 62. Bb6 $2 {[%mdl 8192]} (62. Ke2 $17) 62... Bc7 $2 (62... Bb2 $1 $19 {and Black stays clearly on top.} 63. Ba5 Bd4) 63. Bd4 Bd8 $1 64. Bc3 Be7 $1 65. Ba5 Bd6 $1 66. Bb6 Be5 (66... Bb4 $1 $17) 67. Ba5 $2 {[%mdl 8192] [#]} (67. Ke1 $11) 67... Bd4 $1 $19 68. c7 Be5 69. Bb4 Kxc7 70. Ba3 Kc6 71. Be7 Bd4 72. Ba3 Bc5 73. Bb2 {[#]} Be7 $1 74. Bd4 $2 (74. Ke2) 74... a3 {Black is clearly winning.} 75. Ba7 Bc5 76. Bb8 Be3 77. c5 Kxc5 {Hoping for ...Kc6.} 78. Bc7 Kc4 {Strongly threatening ...Kc3.} 79. Ba5 (79. Bd8 $142 Kc3 80. Bxf6+ Kc2 81. Bxh4) 79... Kd3 80. Bd8 Bd4 81. Be7 Bb2 82. Bd6 Kc2 {Accuracy: White = 46%, Black = 53%.} 0-1

[Event "Mitropa Cup Women 2019"]
[Site "Radenci"]
[Date "2019.06.04"]
[Round "9.6"]
[White "Nemcova, Karin"]
[Black "Newrkla, Katharina"]
[Result "0-1"]
[WhiteElo "1947"]
[BlackElo "2190"]
[Annotator "TA"]
[PlyCount "64"]
[EventDate "2019.05.27"]
[EventType "team-tourn"]
[EventCountry "SLO"]
[SourceTitle "playchess.com"]
[Source "ChessBase"]
[SourceQuality "1"]
[WhiteTeam "Czech Republic"]
[BlackTeam "Austria"]
[WhiteTeamCountry "CZE"]
[BlackTeamCountry "AUT"]

{[%evp 20,64,8,0,10,-4,0,-14,0,-46,-49,-57,-57,-42,-54,-55,-50,-33,-27,-44,-51,-60,-33,-54,-9,-47,-47,-58,-58,-151,-139,-138,-129,-217,-218,-237,-237,-196,-130,-145,-137,-406,-240,-797,-766,-29994,-29995]} 1. e4 c5 2. Nf3 d6 3. d4 cxd4 4. Nxd4 Nf6 5. Nc3 a6 6. Be3 e5 7. Nb3 Be7 8. f3 Be6 9. Qd2 h5 10. O-O-O Nbd7 11. Kb1 b5 {B90: Sicilian Najdorf: Unusual White 6th moves, 6 Be3 Ng4 and 6 Be3 e5} 12. g3 (12. h4 O-O 13. Bg5 Rc8 14. a3 Qc7 15. g4 hxg4 16. fxg4 Nb6 17. Bxf6 Bxf6 18. g5 {½-½ (70) Yu,Y (2751)-Vachier Lagrave,M (2789) Riadh 2017}) 12... Qc7 13. f4 Nb6 {The position is equal.} 14. f5 $146 ({Predecessor:} 14. fxe5 dxe5 15. Bxb6 Qxb6 16. Nd5 Bxd5 17. exd5 Rd8 18. Bg2 O-O 19. Na5 {1-0 (37) Rudd,J (2177)-Hillarp Persson,T (2503) St Clement Bay 2017}) 14... Bd7 15. Bxb6 Qxb6 16. Nd5 Nxd5 17. Qxd5 Bc6 18. Qd3 a5 {[%cal Ba6a5,Ba5a4,Ba4a3][%mdl 32]} 19. Be2 a4 20. Nd2 a3 {White must now prevent ...axb2.} 21. b3 Rd8 {Black wants to play ...d5.} 22. Bf3 Qc5 23. Nf1 h4 24. Ne3 ({White should try} 24. Qe3 $15) 24... Bg5 $17 25. Rde1 Rc8 26. Re2 (26. Bg4 $17 {keeps fighting.}) 26... hxg3 $19 27. hxg3 Rxh1+ $40 {[%mdl 128] Black has strong attack.} 28. Bxh1 Qd4 (28... Bb7 $19 29. Nd1 b4) 29. Qxd4 $17 exd4 30. Nf1 $2 {[%mdl 8192] [#]} (30. Nd5 $17 {is the only way for White.}) 30... b4 (30... Bb7 $142 {...d3! is the strong threat.} 31. Re1 b4) 31. Nh2 $2 (31. Nd2) 31... Bb5 $19 32. Re1 d3 0-1

[Event "Mitropa Cup Women 2019"]
[Site "Radenci"]
[Date "2019.06.04"]
[Round "9.7"]
[White "Hapala, Elisabeth"]
[Black "Koubova, Anna Marie"]
[Result "1-0"]
[WhiteElo "2122"]
[BlackElo "1975"]
[Annotator "TA"]
[PlyCount "49"]
[EventDate "2019.05.27"]
[EventType "team-tourn"]
[EventCountry "SLO"]
[SourceTitle "playchess.com"]
[Source "ChessBase"]
[SourceQuality "1"]
[WhiteTeam "Austria"]
[BlackTeam "Czech Republic"]
[WhiteTeamCountry "AUT"]
[BlackTeamCountry "CZE"]

{[%evp 18,49,37,0,37,-32,-28,-35,-27,-25,-28,-25,-27,-33,0,0,0,0,0,-31,-34,-50,41,42,63,47,71,70,104,92,99,82,409,416]} 1. e4 e5 2. Nf3 Nf6 3. Nxe5 d6 4. Nf3 Nxe4 5. d4 d5 6. Bd3 Bf5 7. O-O Be7 8. Re1 O-O 9. c4 Nc6 10. a3 Re8 {C42: Petroff Defence: 3 Nxe5 and unusual White 3rd moves} 11. Qc2 (11. Bf4 $14) (11. Bf4 Bh4 12. g3 Bg4 13. h3 Bh5 14. Nc3 Nxd4 15. Bxe4 Bxf3 16. Bxh7+ Kxh7 17. Qxd4 Bf6 18. Qd3+ {½-½ (47) Inarkiev,E (2694)-Khismatullin,D (2628) Sochi 2017}) 11... Bf6 $15 12. cxd5 $146 ({Predecessor:} 12. Nc3 Nxd4 13. Nxd4 Bxd4 14. Nxe4 dxe4 15. Bxe4 Qh4 16. Bf4 Bxe4 17. Rxe4 Rxe4 18. Qxe4 Qxf2+ {½-½ (51) Roy,M (1895)-Lepeskaite,M Kemer 2007}) 12... Qxd5 {Black is slightly better.} 13. Nc3 Nxc3 14. bxc3 Bxd3 15. Qxd3 Ne5 16. Nxe5 Bxe5 17. Be3 c5 18. Qb5 a6 19. Qa5 Bf6 ({Black should play} 19... b6 $1 $15 20. Qa4 (20. Qxb6 cxd4 21. cxd4 Reb8 $15) 20... b5) 20. dxc5 $14 Re6 21. Red1 Qe4 22. Rab1 $36 {[%mdl 2048] White has the initiative.} Rae8 23. Qb4 Qe5 24. c4 Bg5 $2 {[%mdl 8192] [#]} (24... R6e7 $16 {is a better chance.}) 25. Rd5 {Accuracy: White = 51%, Black = 30%.} 1-0

[Event "Mitropa Cup Women 2019"]
[Site "Radenci"]
[Date "2019.06.04"]
[Round "9.8"]
[White "Pribylova, Sofie"]
[Black "Schloffer, Jasmin-Denise"]
[Result "1-0"]
[WhiteElo "2069"]
[BlackElo "2133"]
[Annotator "TA"]
[PlyCount "55"]
[EventDate "2019.05.27"]
[EventType "team-tourn"]
[EventCountry "SLO"]
[SourceTitle "playchess.com"]
[Source "ChessBase"]
[SourceQuality "1"]
[WhiteTeam "Czech Republic"]
[BlackTeam "Austria"]
[WhiteTeamCountry "CZE"]
[BlackTeamCountry "AUT"]

{[%evp 11,107,-1,19,31,14,12,6,10,14,10,14,-6,-2,-55,-62,-104,-104,-124,-127,-120,-23,-16,52,50,118,109,87,69,77,81,86,2,66,0,105,17,185,160,217,193,316,311,317,305,455,331,298,159,177,127,157,175,321,358,484,532,518,510,619,616,775,745,774,773,695,738,728,398,1330,729,708,676,673,607,616,600,1786,1625,3547,2953,4802,4802,29975,29976,29981,29982,29982,29981,29983,29984,29984,29985,29992,29993,29993,29994,29994,29993]} 1. d4 Nf6 2. Nf3 ({Predecessor:} 2. Bf4 e6 3. e3 c5 4. c3 Nc6 5. Nd2 d5 {1-0 (33) Kovalev,V (2639)-Barski,R (2452) Katowice 2017}) 2... e6 3. Bf4 d5 4. e3 c5 5. c3 Nc6 6. Nbd2 cxd4 7. exd4 {D02: 1 d4 d5 2 Nf3 sidelines, including 2...Nf6 3 g3 and 2...Nf6 3 Bf4} Nh5 8. Bg5 f6 9. Be3 {g4 is the strong threat.The position is equal.} Bd6 10. g3 O-O 11. Bg2 $146 (11. Nh4 g6 12. Be2 Ng7 13. O-O e5 14. dxe5 fxe5 {½-½ (59) Aronian,L (2767)-Nakamura,H (2777) chess.com INT 2018}) 11... f5 12. Ne5 (12. Ng5 $11 Nf6 13. f4) 12... f4 $15 13. Nxc6 bxc6 14. Qxh5 {Hoping for Bxf4.} fxe3 15. fxe3 Ba6 (15... Rb8 $1 $17 {[%cal Rb8b2]} 16. b4 Qe7) 16. Bf1 $11 Rf5 ({Better is} 16... g6 $11 17. Qh6 Bxf1 18. Rxf1 Rxf1+ 19. Nxf1 Rb8) 17. Qg4 $36 {[%mdl 2048] Black is under pressure.} Qb6 (17... h5 $14 18. Qg6 Rf6 19. Qxh5 Rh6) 18. Bxa6 $16 Qxa6 19. Qe2 Qb6 20. Nf3 Rb8 21. b4 (21. b3 $16) 21... a5 ({Black should play} 21... Bxb4 $1 $11 22. O-O (22. cxb4 Qxb4+ 23. Kd1 Qa4+ 24. Ke1 Qa5+ 25. Nd2 Qc3 $17) 22... Bxc3) 22. a3 (22. e4 $14 dxe4 23. O-O (23. Qxe4 Qb5 $14)) 22... e5 {[#]} (22... axb4 $11 23. axb4 Bxb4) 23. e4 ({But not} 23. Nxe5 Bxe5 24. dxe5 Re8 $15) (23. O-O $1 $16) 23... dxe4 $2 (23... Rff8 $11) 24. Qxe4 $18 {[%mdl 64] Double Attack} Rbf8 {[#]} (24... Rxf3 $16 25. Qxf3 exd4) 25. O-O $1 Bb8 (25... Qa6 $142 26. dxe5 Be7) 26. Kg2 Qb5 27. a4 Qa6 {[#]} (27... Qd5 $142 28. Qxd5+ cxd5 29. dxe5 (29. Nxe5 Bxe5 30. Rxf5 Rxf5 $18) 29... Rc8 30. bxa5 Rxc3) 28. dxe5 {Played: b4-b5} 1-0

[Event "Mitropa Cup Women 2019"]
[Site "Radenci"]
[Date "2019.06.04"]
[Round "9.9"]
[White "Georgescu, Lena"]
[Black "Motycakova, Monika"]
[Result "1-0"]
[WhiteElo "2191"]
[BlackElo "2150"]
[Annotator "RC"]
[PlyCount "125"]
[EventDate "2019.05.27"]
[EventType "team-tourn"]
[EventCountry "SLO"]
[SourceTitle "playchess.com"]
[Source "ChessBase"]
[SourceQuality "1"]
[WhiteTeam "Switzerland"]
[BlackTeam "Slovakia"]
[WhiteTeamCountry "SUI"]
[BlackTeamCountry "SVK"]
[TimeControl "40/5400+30:1800+30"]

1. e4 {[%emt 0:00:00]} e5 {[%emt 0:00:00]} 2. Nf3 {[%emt 0:00:00]} Nc6 {[%emt 0:00:00]} 3. Bb5 {[%emt 0:00:00]} a6 {[%emt 0:00:04]} 4. Ba4 {[%emt 0:00:00]} Nf6 {[%emt 0:00:08]} 5. O-O {[%emt 0:00:00]} Be7 {[%emt 0:00:09]} 6. Re1 {[%emt 0:00:00]} b5 {[%emt 0:00:07]} 7. Bb3 {[%emt 0:00:04]} d6 {[%emt 0:00:04]} 8. c3 {[%emt 0:00:10]} O-O {[%emt 0:00:33]} 9. h3 {[%emt 0:00:05]} Na5 {[%emt 0:00:27]} 10. Bc2 {[%emt 0:00:05]} c5 {[%emt 0:00:05]} 11. d4 {[%emt 0:00:04]} Qc7 {[%emt 0:00:17]} 12. Nbd2 {[%emt 0:00:07]} cxd4 {[%emt 0:00:13]} 13. cxd4 {[%emt 0:00:07]} Rd8 {[%emt 0:00:05]} 14. b3 {[%emt 0:12:19]} Nc6 {[%emt 0:01:40]} 15. Bb2 {[%emt 0:01:22]} Bb7 {[%emt 0:01:11]} 16. Rc1 {[%emt 0:02:38]} Qb6 {[%emt 0:05:00]} 17. Nf1 {[%emt 0:09:15]} d5 {[%emt 0:16:25]} 18. exd5 {[%emt 0:04:52]} Rxd5 {[%emt 0:14:03]} 19. Ne3 {[%emt 0:06:34]} Rdd8 {[%emt 0:06:03]} 20. d5 {[%emt 0:06:01]} Nb4 {[%emt 0:15:29]} 21. Nxe5 {[%emt 0:05:46]} Nbxd5 {[%emt 0:07:10]} 22. Nxd5 {[%emt 0:05:40]} Rxd5 {[%emt 0:04:25]} 23. Qe2 {[%emt 0:01:22]} Bb4 {[%emt 0:08:07]} 24. Red1 {[%emt 0:07:48]} Re8 {[%emt 0:02:58]} 25. Rxd5 {[%emt 0:06:54]} Bxd5 {[%emt 0:00:06]} 26. Qd3 {[%emt 0:02:29]} Be4 {[%emt 0:12:13]} 27. Qe2 {[%emt 0:01:29]} Bxc2 {[%emt 0:01:24]} 28. Qxc2 {[%emt 0:00:52]} Bd6 {[%emt 0:02:44]} 29. Nf3 {[%emt 0:04:06]} Bf4 {[%emt 0:01:54]} 30. Rd1 {[%emt 0:01:47]} h6 {[%emt 0:00:37]} 31. Bd4 {[%emt 0:06:53]} Qe6 {[%emt 0:00:35]} 32. Kf1 {[%emt 0:03:16]} Rc8 {[%emt 0:00:37]} 33. Qd3 {[%emt 0:02:08]} Rc1 {[%emt 0:01:00]} 34. Rxc1 {[%emt 0:00:49]} Bxc1 {[%emt 0:00:04]} 35. Qc3 {[%emt 0:01:11]} Bf4 {[%emt 0:00:50]} 36. Bxf6 {[%emt 0:02:09]} Qxf6 {[%emt 0:00:12]} 37. Qxf6 {[%emt 0:01:12]} gxf6 {[%emt 0:00:04]} 38. Ke2 {[%emt 0:00:10]} Kf8 {[%emt 0:00:39]} 39. Kd3 {[%emt 0:00:27]} Ke7 {[%emt 0:00:11]} 40. Ke4 {[%emt 0:00:00]} Bc1 {[%emt 0:00:00]} 41. Kd5 {[%emt 0:03:03]} Kd7 {[%emt 0:02:58]} 42. Nd4 {[%emt 0:01:38]} Ba3 {[%emt 0:08:47]} 43. Nf5 {[%emt 0:01:06]} Bf8 {[%emt 0:00:21]} 44. g4 {[%emt 0:07:30]} Kc7 {[%emt 0:03:09]} 45. h4 {[%emt 0:01:45]} Kd7 {[%emt 0:05:39]} 46. h5 {[%emt 0:03:30]} Kc7 {[%emt 0:00:44]} 47. f4 {[%emt 0:04:09]} Kd7 {[%emt 0:09:38]} 48. g5 {[%emt 0:06:56]} fxg5 {[%emt 0:00:05]} 49. fxg5 {[%emt 0:00:03]} hxg5 {[%emt 0:00:11]} 50. h6 {[%emt 0:00:05]} Bxh6 {[%emt 0:00:27]} 51. Nxh6 {[%emt 0:00:04]} f6 {[%emt 0:01:12]} 52. b4 {[%emt 0:07:45]} Ke7 {[%emt 0:01:00]} 53. a3 {[%emt 0:01:32]} Kd7 {[%emt 0:00:47]} 54. Nf5 {[%emt 0:00:58]} g4 {[%emt 0:01:14]} 55. Kd4 {[%emt 0:01:52]} Ke6 {[%emt 0:02:23]} 56. Ke4 {[%emt 0:00:04]} Kf7 {[%emt 0:00:20]} 57. Kf4 {[%emt 0:03:04]} Ke6 {[%emt 0:00:12]} 58. Ne3 {[%emt 0:01:25]} g3 {[%emt 0:00:54]} 59. Ke4 {[%emt 0:01:10]} f5+ {[%emt 0:00:54]} 60. Nxf5 {[%emt 0:00:57]} g2 {[%emt 0:00:04]} 61. Nd4+ {[%emt 0:00:10]} Kd6 {[%emt 0:00:16]} 62. Ne2 {[%emt 0:00:47]} Ke6 {[%emt 0:00:04]} 63. Nf4+ {[%emt 0:00:04] Kd5+} 1-0